000 00415nam a2200133Ia 4500
003 GCL
008 140319s9999 xx 000 0 ara d
040 _aGCL /
_cGCL
082 0 4 _a415.2
_bا م
100 1 _aاحمد كمال الدين حلمى
245 1 0 _aمقارنة بين النحو العربى والنحو الفارسى /
_cاحمد كمال الدين حلمى
300 _a520
490 _a100 قصة
_v0
999 _c43385
_d43385